000 00625nam a2200193 i 4500
001 108048
003 ES-MaACL
007 t|
008 070115s1958 sp ||||1| cat d
080 _a849.9-221"19"
100 1 _aSantos i Antoli, A.
_9185532
245 1 3 _aEl gran giravolt
_b: farsa dramática en un próleg i tres actes. El primer dividit en dos quadres. /
_cA. Santos Antolí.
260 _aBarcelona :
_bNereida,
_c1958.
300 _a62 p. 2 lám. :
_bgrab. ;
_c17 cm.
490 1 _aBiblioteca Gresol ;
_v35
830 0 _aBiblioteca Gresol ;
_v35
_9185526
852 _aES-MaACL
_jE-5164
999 _c108048
_d108048